Kraje które spożywa się najwięcej czekolady - Statystyki

Ogólne statystyki
  • Ten quiz został rozwiązany 87 razy
  • Średni wynik to 7 z 10
Statystyki odpowiedzi
# Państwo % Poprawnych
9 Stany Zjednoczone
93%
2 Niemcy
91%
1 Szwajcaria
80%
10 Francja
77%
4 Wielka Brytania
74%
5 Norwegia
68%
8 Holandia
65%
6 Szwecja
65%
7 Australia
55%
3 Irlandia
47%
Nie znaleziono quizów pasujących do podanych kryteriów
Rozkład punktacji
Procent ludzi z każdym wynikiem
Percentyl według liczby udzielonych odpowiedzi
Twoja historia wyników
Nie rozwiązałeś tego quizu